000 00700nam a22002890a 4500
001 PT44659
003 AR-LpoUNG
005 20210131231031.0
008 191001s2010||||ag |||||||||||||||||spa d
020 _a9789502317441
_c$41
040 _aAR-LpoUNG
_bspa
_cAR-LpoUNG
_eaacr
041 _aspa
044 _aag
082 0 _aA861 557mar
100 1 _aHernández, José
245 1 0 _aMartín Fierro
250 _a5ta. ed.
260 _aBuenos Aires :
_bEudeba,
_c2010.
300 _axvi, 159 p. :
_bil.
650 4 _aARGENTINA
650 4 _aLITERATURA
651 4 _aArgentina
653 _aPOESIA GAUCHESCA
700 1 _aCatagnino, Juan Carlos
_eil.
905 _a44659
942 _cLIB
999 _c7577
_d7577